| 000 | 01073nam a2200277 i 4500 | ||
|---|---|---|---|
| 001 | 000016623 | ||
| 003 | DO-SdBNP | ||
| 005 | 20250130131103.0 | ||
| 007 | ta | ||
| 008 | 100308s1986 dr a r 000 0 spa d | ||
| 040 |
_aDO-SdBNP _bspa _cBNPHU _erda |
||
| 082 |
_axxxx _bD555e _222 |
||
| 110 | 1 |
_aRepública Dominicana. _bSecretaría de Estado de Educación, Bellas Artes y Cultos _923965 |
|
| 245 | 1 | 0 |
_aDidáctica de los estudios sociales / _cTeresita Marcelina Batista y Ramírez ; coordinador, Migdalia Mercedes Martínez Mena ; ilustración, Julio César Martínez. |
| 264 | 1 |
_aSanto Domingo : _bDirección General de Medios Educativos, _c1986. |
|
| 300 |
_a163 Paginas ; _c25 cm. |
||
| 336 |
_2rdacontent _atexto _btxt |
||
| 337 |
_2rdamedia _asin mediación _bn |
||
| 338 |
_2rdacarrier _avolumen _bnc |
||
| 590 | _aInventariado, 2023 / DG | ||
| 700 | 1 |
_aBatista y Ramírez, Teresita Marcelina _936926 |
|
| 700 | 1 |
_aMartínez Mena, Migdalia Mercedes _ecoor. _936927 |
|
| 700 | 1 |
_aMartínez, Julio César, _eilustrador _4il. _91263 |
|
| 910 | _aDG | ||
| 942 |
_2ddc _cLBS1 |
||
| 999 |
_c16156 _d16156 |
||